| Tag |
First Indicator |
Second Indicator |
Subfields |
| LEADER |
00000cam a2200000 4500 |
| 001 |
in00000036809 |
| 005 |
20151007062230.0 |
| 008 |
720405s1961 okuch 00000aeng u |
| 010 |
|
|
|a 61009004
|
| 035 |
|
|
|a (OCoLC)00276292
|
| 035 |
|
|
|9 AAD4286AM
|
| 040 |
|
|
|c WSU
|d TXA
|d UtOrBLW
|
| 049 |
|
|
|a TXAM
|v 1 [340656]
|v 2 [340657]
|
| 050 |
|
0 |
|a PS2657
|b .A32
|
| 092 |
|
|
|a 818
|b P933
|
| 100 |
1 |
|
|a Prescott, William Hickling,
|d 1796-1859.
|
| 245 |
1 |
0 |
|a Literary memoranda /
|c Edited and with an introd. by C. Harvey Gardiner.
|
| 250 |
|
|
|a [1st ed.].
|
| 264 |
|
1 |
|a Norman :
|b University of Oklahoma Press,
|c [1961]
|
| 300 |
|
|
|a 2 volumes :
|b portraits, facsimiles ;
|c 25 cm.
|
| 336 |
|
|
|a text
|b txt
|2 rdacontent
|
| 337 |
|
|
|a unmediated
|b n
|2 rdamedia
|
| 338 |
|
|
|a volume
|b nc
|2 rdacarrier
|
| 700 |
1 |
|
|a Gardiner, C. Harvey
|q (Clinton Harvey)
|
| 999 |
|
|
|a MARS
|
| 999 |
f |
f |
|s 5c059dff-9464-305c-9714-784efa76c82b
|i 910461db-109c-3aaa-a7bc-887fdc0dc748
|t 0
|
| 952 |
f |
f |
|p ric
|a Texas A&M University
|b Rellis Campus
|c Joint Library Facility
|d Remote Storage
|t 0
|e PS2657 .A32
|h Library of Congress classification
|i unmediated -- volume
|k v.2
|m A14801265236
|
| 952 |
f |
f |
|p ric
|a Texas A&M University
|b Rellis Campus
|c Joint Library Facility
|d Remote Storage
|t 0
|e PS2657 .A32
|h Library of Congress classification
|i unmediated -- volume
|k v.1
|m A14801265228
|
| 998 |
f |
f |
|a PS2657 .A32
|s v.1-v.2
|t 0
|l Remote Storage
|